000 00563nam a2200193Ia 4500
008 151119s9999||||xx |||||||||||||| ||und||
082 _a891.463
082 _bGKKV20877
100 _aमलोसे राजेंद्र
245 _aगाथा सप्तपदी
260 _a--
260 _b--
260 _c0
600 _aमलोसे राजेंद्र
630 _aगाथा सप्तपदी
700 _aमलोसे राजेंद्र
730 _aगाथा सप्तपदी
942 _cBOOK
999 _c1073733
_d1073730